| 000 | 00836nam a2200253 a 4500 | ||
|---|---|---|---|
| 003 | DO-SdBNP | ||
| 005 | 20240314073720.0 | ||
| 007 | ta | ||
| 008 | 090708s2013 dr 000 0bspa d | ||
| 020 | _a9993479896 | ||
| 040 |
_aDO-SdBNP _bspa _cBNPHU |
||
| 082 |
_axxx _bD812i, 2013 _222 |
||
| 100 | 1 |
_aDuarte, Juan Pablo, _d1813-1876 _91494 |
|
| 245 | 1 | 0 |
_aIdeario de Duarte y su proyecto de constitución / _ccompilador Vetilio Alfau Durán |
| 260 |
_aSanto Domingo : _b[Ministerio de Cultura], _bCPEP, _c2013. |
||
| 300 |
_a57 p. ; : _c21 cm. |
||
| 500 | _aIncluye el juramento Trinitario. | ||
| 504 | _aBibliografía p: 41-42 | ||
| 590 | _aInventariado, 2022/ YL | ||
| 600 | 1 | 0 |
_aDuarte, Juan Pablo, _d1813-1876 _91494 |
| 700 | 1 |
_aAlfau Durán, Vetilio, _d1909-1985 _ecomp. _910091 |
|
| 910 | _aYLockward | ||
| 942 |
_2ddc _cLBS1 |
||
| 999 |
_c52860 _d52860 |
||